-
DAS, SUDIP , MANTRY Dr. SSHUBHRAJIT AND SHANKAR RAVI
Entry Personal Name
Number of records used in: 1
001 - CONTROL NUMBER
003 - CONTROL NUMBER IDENTIFIER
005 - DATE AND TIME OF LATEST TRANSACTION
- control field:
20240108101902.0
008 - FIXED-LENGTH DATA ELEMENTS
- fixed length control field:
240108|| aca||aabn | a|a d
040 ## - CATALOGING SOURCE
- Original cataloging agency:
JRU
- Transcribing agency:
JRU
100 ## - HEADING--PERSONAL NAME
- Personal name:
DAS, SUDIP , MANTRY Dr. SSHUBHRAJIT AND SHANKAR RAVI
670 ## - SOURCE DATA FOUND
- Source citation:
Work cat.: (JRU)7882: DAS, SUDIP , MANTRY Dr. SSHUBHRAJIT AND SHANKAR RAVI, A PRACTICAL BOOK OF PHYSICAL PHARMACEUTICS [SEM-III AND IV]